All MLB Nike City Connect Jerseys by Color - Statistics

General Stats
  • This quiz has been taken 103 times
    96 since last reset
  • The average score is 8 of 20
Answer Stats
Primary Secondary Answer % Correct
. . Orioles
88%
. . Rockies
54%
. . White Sox
50%
. . Padres
47%
. . Reds
46%
. . Red Sox
44%
. . Diamondbacks
42%
. . Angels
40%
. . Astros
38%
. . Royals
38%
. . Dodgers
37%
. . Giants
37%
. . Pirates
37%
. . Marlins
36%
. . Brewers
32%
. . Cubs
32%
. . Braves
31%
. . Mariners
31%
. . Nationals
31%
. . Rangers
24%
No matching quizzes found
Score Distribution
Percent of People with Each Score
Percentile by Number Answered
Your Score History
You have not taken this quiz since the last reset